Top 100 Footballers 2015 - Statistics

General Stats
  • This quiz has been taken 59 times
  • The average score is 60 of 100
Answer Stats
Rank: Club: Player: % Correct
2 Real Madrid Cristiano Ronaldo
100%
1 Barcelona Lionel Messi
100%
3 Barcelona Neymar
100%
5 Barcelona Luis Suárez
98%
9 Manchester City Sergio Agüero
96%
8 Real Madrid Gareth Bale
94%
7 Bayern Munich Manuel Neuer
94%
13 Bayern Munich Philipp Lahm
94%
16 Paris St Germain Zlatan Ibrahimović
94%
10 Bayern Munich Arjen Robben
91%
6 Bayern Munich Thomas Müller
91%
53 Bayern Munich Franck Ribéry
89%
4 Bayern Munich Robert Lewandowski
89%
15 Barcelona Andrés Iniesta
87%
11 Arsenal Alexis Sánchez
85%
23 Real Madrid Luka Modrić
85%
24 Arsenal Mesut Özil
85%
14 Juventus Paul Pogba
85%
28 Real Madrid Toni Kroos
85%
19 Chelsea Eden Hazard
81%
46 Borussia Dortmund Marco Reus
81%
33 Real Madrid Sergio Ramos
81%
45 Paris St Germain Thiago Silva
81%
25 Manchester City David Silva
79%
44 Chelsea Diego Costa
79%
34 Bayern Munich Douglas Costa
79%
35 Barcelona Gerard Piqué
79%
12 Barcelona Ivan Rakitić
79%
40 Bayern Munich Jérôme Boateng
79%
36 Real Madrid Karim Benzema
79%
21 Barcelona Sergio Busquets
79%
91 Manchester United Wayne Rooney
79%
31 Atlético Madrid Antoine Griezmann
77%
17 Manchester City Kevin De Bruyne
77%
41 Boca Juniors Carlos Tevez
74%
42 Juventus Gianluigi Buffon
74%
39 Manchester City Yaya Touré
72%
26 Manchester United David De Gea
70%
90 Tottenham Hotspur Harry Kane
70%
56 Manchester City Vincent Kompany
70%
18 Atlético Madrid Diego Godín
68%
55 Paris St Germain Edinson Cavani
68%
22 Juventus Giorgio Chiellini
68%
78 Zenit St Petersburg Hulk
68%
20 Bayern Munich David Alaba
66%
71 Real Madrid Marcelo
66%
29 Chelsea Thibaut Courtois
66%
27 Real Madrid James Rodríguez
64%
61 Borussia Dortmund Mats Hummels
62%
50 Bayern Munich Xabi Alonso
62%
68 Manchester United Bastian Schweinsteiger
60%
57 Barcelona Jordi Alba
60%
70 Real Madrid Keylor Navas
60%
47 Bayern Munich Mario Götze
60%
32 Borussia Dortmund Pierre-Emerick Aubameyang
60%
63 Napoli Gonzalo Higuaín
57%
93 Manchester United Anthony Martial
55%
75 Manchester City Joe Hart
55%
52 Atlético Madrid Koke
55%
66 Lyon Alexandre Lacazette
53%
37 Barcelona Javier Mascherano
53%
69 Juventus Álvaro Morata
51%
43 Paris St Germain Ángel Di María
51%
67 Chelsea Cesc Fàbregas
51%
82 Juventus Claudio Marchisio
51%
65 Real Madrid Isco
51%
74 Manchester United Juan Mata
51%
38 Bayern Munich Arturo Vidal
49%
49 Manchester City Raheem Sterling
49%
60 Arsenal Petr Čech
47%
59 Bayern Munich Thiago Alcântara
47%
88 West Ham United Dimitri Payet
43%
48 Juventus Leonardo Bonucci
43%
76 Manchester United Memphis Depay
43%
30 Real Madrid Raphaël Varane
43%
87 Paris St Germain Marco Verratti
40%
64 Chelsea Nemanja Matić
40%
62 Barcelona Arda Turan
36%
83 Paris St Germain Blaise Matuidi
36%
79 Roma Daniele De Rossi
36%
89 Paris St Germain Javier Pastore
36%
54 Roma Miralem Pjanic
36%
51 Manchester City Nicolás Otamendi
36%
94 Toronto FC Sebastian Giovinco
36%
92 AC Milan Carlos Bacca
34%
58 Arsenal Santi Cazorla
34%
85 Inter Milan Mauro Icardi
28%
95 Tottenham Hotspur Heung-Min Son
26%
84 Lazio Felipe Anderson
23%
99 Sevilla Grzegorz Krychowiak
23%
100 Roma Mohamed Salah
23%
73 Roma Radja Nainggolan
23%
86 Sporting Lisbon William Carvalho
21%
72 Chelsea César Azpilicueta
19%
98 Zenit St Petersburg Ezequiel Garay
19%
81 Shakhtar Donetsk Alex Teixeira
17%
77 Real Madrid Danilo
17%
80 Bayer Leverkusen Hakan Çalhanoglu
15%
96 Juventus Stephan Lichtsteiner
15%
97 Wolfsburg Ricardo Rodríguez
11%
No matching quizzes found
Score Distribution
Percent of People with Each Score
Percentile by Number Answered
Your Score History
You have not taken this quiz